[Event "EU-ch (Women) 24th"]
[Site "Rhodes"]
[Date "2024.04.29"]
[Round "10"]
[White "Shuqja, Klean"]
[Black "Levitan, Ronit"]
[Result "1/2-1/2"]
[WhiteElo "1977"]
[BlackElo "2187"]
[PlyCount "112"]
[EventDate "2024.04.19"]
[EventType "swiss"]
[EventRounds "10"]
[EventCountry "GRE"]
[SourceTitle "CB18_2024"]
[SourceDate "2024.05.01"]
[SourceVersion "1"]
[SourceVersionDate "2024.05.01"]
[SourceQuality "2"]

1. e4 e5 2. Nf3 Nc6 3. Bb5 a6 4. Ba4 Nf6 5. d3 b5 6. Bb3 Bc5 7. 0-0 d6 8. c3 h6 9. Nbd2 0-0 10. Re1 Bb6 11. Nf1 Ne7 12. Ng3 Ng6 13. h3 Bb7 14. Nf5 Bc8 15. g4 Ne7 16. N3h4 d5 17. Qf3 Nxf5 18. Nxf5 Bxf5 19. Qxf5 dxe4 20. dxe4 Qe7 21. g5 hxg5 22. Bxg5 Qd7 23. Qxd7 Nxd7 24. Rad1 Nc5 25. Be7 Rfe8 26. Bxc5 Bxc5 27. Rd7 Re7 28. Red1 Rae8 29. Rxe7 Rxe7 30. Rd8+ Kh7 31. Kg2 a5 32. Rd5 Bb6 33. Rxb5 Rd7 34. Rd5 Rxd5 35. Bxd5 Kg6 36. Kg3 Kf6 37. b4 Ke7 38. f4 axb4 39. cxb4 Bd4 40. a4 Bc3 41. b5 f6 42. f5 Kd6 43. Kg4 Kc5 44. Kh5 Bd2 45. Kg6 Bh6 46. Kf7 Kb4 47. Bc6 Ka5 48. h4 Kb6 49. h5 Ka5 50. Be8 Kb6 51. Ke7 Be3 52. Kd7 Bd2 53. Kd8 Be3 54. a5+ Kxa5 55. Kxc7 Bf2 56. Kd6 Kb6 1/2-1/2

[Event "EU-ch (Women) 24th"]
[Site "Rhodes"]
[Date "2024.04.28"]
[Round "9"]
[White "Terbe, Zsuzsanna"]
[Black "Shuqja, Klean"]
[Result "1/2-1/2"]
[WhiteElo "2174"]
[BlackElo "1977"]
[PlyCount "45"]
[EventDate "2024.04.19"]
[EventType "swiss"]
[EventRounds "10"]
[EventCountry "GRE"]
[SourceTitle "CB18_2024"]
[SourceDate "2024.05.01"]
[SourceVersion "1"]
[SourceVersionDate "2024.05.01"]
[SourceQuality "2"]

1. d4 Nf6 2. Nf3 e6 3. Bf4 b6 4. e3 Bb7 5. h3 Be7 6. Nbd2 0-0 7. Bd3 d5 8. 0-0 Nbd7 9. a4 c5 10. c3 Ne4 11. a5 Nxd2 12. Qxd2 c4 13. Bc2 b5 14. Qe2 a6 15. Nd2 Nb8 16. Bxb8 Rxb8 17. e4 dxe4 18. Nxe4 Bxe4 19. Qxe4 g6 20. b4 cxb3 21. Bxb3 Qd6 22. Rfe1 Bf6 23. Red1 1/2-1/2

[Event "EU-ch (Women) 24th"]
[Site "Rhodes"]
[Date "2024.04.20"]
[Round "2"]
[White "Batsiashvili, Nino"]
[Black "Shuqja, Klean"]
[Result "1-0"]
[WhiteElo "2445"]
[BlackElo "1977"]
[PlyCount "53"]
[EventDate "2024.04.19"]
[EventType "swiss"]
[EventRounds "10"]
[EventCountry "GRE"]
[SourceTitle "CB18_2024"]
[SourceDate "2024.05.01"]
[SourceVersion "1"]
[SourceVersionDate "2024.05.01"]
[SourceQuality "2"]

1. e4 c6 2. d4 d5 3. Nd2 dxe4 4. Nxe4 Nd7 5. Bc4 Ngf6 6. Ng5 e6 7. N1f3 h6 8. Nh3 Nb6 9. Bb3 c5 10. c3 Be7 11. 0-0 cxd4 12. cxd4 0-0 13. Ne5 Nbd5 14. a3 Bd7 15. Qd3 a6 16. Re1 Rc8 17. Bd2 Bb5 18. Qg3 Kh8 19. Rad1 Nd7 20. Bxd5 exd5 21. Nf4 Nxe5 22. dxe5 Ba4 23. b3 Bc6 24. Bc3 Rg8 25. e6 f6 26. Ng6+ Kh7 27. Qd3 1-0

[Event "EU-ch (Women) 23rd"]
[Site "Petrovac"]
[Date "2023.03.20"]
[Round "3"]
[White "Rudzinska, Michalina"]
[Black "Shuqja, Klean"]
[Result "1-0"]
[WhiteElo "2212"]
[BlackElo "1884"]
[PlyCount "77"]
[EventDate "2023.03.18"]
[EventType "swiss"]
[EventRounds "11"]
[EventCountry "MNE"]
[SourceTitle "CBM 213 Extra"]
[Source "ChessBase"]
[SourceDate "2023.05.31"]
[SourceVersion "1"]
[SourceVersionDate "2023.05.31"]
[SourceQuality "1"]

1. e4 c6 2. d4 d5 3. f3 dxe4 4. fxe4 e5 5. Nf3 exd4 6. Bc4 Bb4+ 7. c3 dxc3 8. Qxd8+ Kxd8 9. bxc3 Bd6 10. e5 Bc5 11. Bxf7 Nh6 12. Bxh6 gxh6 13. Nbd2 Bf5 14. Nb3 Bb6 15. Nbd4 Bg6 16. Bxg6 hxg6 17. 0-0-0 Ke7 18. h4 Nd7 19. h5 Bxd4 20. Rxd4 g5 21. Re1 Rad8 22. e6 Nc5 23. Ne5 Rhe8 24. Ng6+ Kf6 25. Rxd8 Rxd8 26. e7 Re8 27. Kc2 Na4 28. Rf1+ Ke6 29. Rf8 Kd7 30. Rf7 Nb6 31. Rh7 Nd5 32. Rxh6 Ne3+ 33. Kd3 Nxg2 34. Ke4 Nh4 35. Rh7 Nxg6 36. hxg6 Ke6 37. g7 Kf7 38. Kf5 g4 39. Rh8 1-0

[Event "EU-ch Cities&Town op"]
[Site "Tornelo INT"]
[Date "2023.01.29"]
[Round "?"]
[White "Paryokha, Serhiy"]
[Black "Shuqja, Klean"]
[Result "1-0"]
[WhiteElo "2294"]
[BlackElo "1884"]
[PlyCount "43"]
[EventDate "2023.01.29"]
[EventType "team-swiss"]
[EventRounds "9"]
[EventCountry "NET"]
[SourceTitle "CBM 212 Extra"]
[Source "ChessBase"]
[SourceDate "2023.03.31"]
[SourceVersion "1"]
[SourceVersionDate "2023.03.31"]
[SourceQuality "1"]
[WhiteTeam "Kiev Region"]
[BlackTeam "Tirana"]
[WhiteTeamCountry "UKR"]
[BlackTeamCountry "ALB"]

1. d4 Nf6 2. Nf3 e6 3. Bg5 d5 4. e3 Be7 5. Bd3 Nbd7 6. 0-0 0-0 7. c4 b6 8. cxd5 exd5 9. Nc3 c5 10. dxc5 bxc5 11. Rc1 Bb7 12. b3 h6 13. Bh4 Rc8 14. Bf5 g6 15. Bb1 Nb6 16. Re1 a6 17. Bg3 Nh5 18. Be5 Ng7 19. Bf4 Kh7 20. Ne5 Nh5 21. Qxh5 Bg5 22. Nxg6 1-0

[Event "EU-ch Cities&Town op"]
[Site "Tornelo INT"]
[Date "2023.01.29"]
[Round "?"]
[White "Shuqja, Klean"]
[Black "Hanache, Kai"]
[Result "1-0"]
[WhiteElo "1884"]
[BlackElo "1394"]
[PlyCount "81"]
[EventDate "2023.01.29"]
[EventType "team-swiss"]
[EventRounds "9"]
[EventCountry "NET"]
[SourceTitle "CBM 212 Extra"]
[Source "ChessBase"]
[SourceDate "2023.03.31"]
[SourceVersion "1"]
[SourceVersionDate "2023.03.31"]
[SourceQuality "1"]
[WhiteTeam "Tirana"]
[BlackTeam "London U18"]
[WhiteTeamCountry "ALB"]
[BlackTeamCountry "ENG"]

1. e4 e5 2. Nf3 Nc6 3. Bb5 Nf6 4. d3 Bc5 5. 0-0 d6 6. c3 Bg4 7. h3 Bxf3 8. Qxf3 0-0 9. Bg5 a6 10. Ba4 h6 11. Bh4 Qe7 12. Nd2 Rad8 13. Rfe1 Rfe8 14. Nf1 g5 15. Bg3 Nd7 16. Ne3 Bxe3 17. fxe3 Nc5 18. Bc2 Nd7 19. Rf1 Kg7 20. d4 Nb6 21. b3 a5 22. Rf2 Rf8 23. Raf1 Rde8 24. Qh5 f6 25. Qg4 Qd7 26. Qd1 d5 27. Qh5 Qf7 28. Qf3 Qe6 29. exd5 Qxd5 30. Be4 Qd7 31. Bf5 Qf7 32. Bg4 Qd5 33. e4 Qd6 34. Bh5 Re7 35. Qf5 Kh8 36. Qg6 exd4 37. Bxd6 cxd6 38. Rxf6 Rg8 39. Rf8 Reg7 40. Qxh6+ Rh7 41. Rxg8+ 1-0

[Event "EU-ch U16 Girls 30th"]
[Site "Antalya"]
[Date "2022.11.12"]
[Round "7"]
[White "Shuqja, Klean"]
[Black "Siekanska, Maria"]
[Result "0-1"]
[WhiteElo "1876"]
[BlackElo "2029"]
[PlyCount "64"]
[EventDate "2022.11.06"]
[EventType "swiss"]
[EventRounds "9"]
[EventCountry "TUR"]
[SourceTitle "CBM 211 Extra"]
[Source "ChessBase"]
[SourceDate "2023.01.31"]
[SourceVersion "1"]
[SourceVersionDate "2023.01.31"]
[SourceQuality "1"]

1. e4 c5 2. Nf3 e6 3. b3 d5 4. exd5 exd5 5. Bb5+ Nc6 6. 0-0 Bd6 7. Bb2 Nf6 8. Re1+ Be6 9. Ng5 0-0 10. Nxe6 fxe6 11. Bxc6 bxc6 12. Qe2 Ne4 13. Qg4 Qc7 14. Rxe4 Bxh2+ 15. Kf1 dxe4 16. Qxe4 Qg3 17. f3 Rf4 18. Be5 Rxe4 19. Bxg3 Bxg3 20. fxe4 Rf8+ 21. Ke2 Rf2+ 22. Kd3 Rf1 23. Ke2 Rh1 24. Kf3 Be5 25. c3 h5 26. a4 g5 27. a5 g4+ 28. Ke3 h4 29. d4 h3 30. gxh3 gxh3 31. Ra2 cxd4+ 32. cxd4 h2 0-1

[Event "Titled Tuesday intern op 11th Oct Late"]
[Site "Chess.com INT"]
[Date "2022.10.11"]
[Round "1"]
[White "Ozates, Tuna"]
[Black "Shuqja, Klean"]
[Result "1-0"]
[WhiteElo "2251"]
[BlackElo "1958"]
[PlyCount "103"]
[EventDate "2022.10.11"]
[EventType "swiss (blitz)"]
[EventRounds "11"]
[EventCountry "USA"]
[SourceTitle "EXT 2024"]
[Source "ChessBase"]
[SourceDate "2023.10.10"]
[SourceVersion "1"]
[SourceVersionDate "2023.10.10"]
[SourceQuality "1"]

1. e4 g6 2. Nc3 Bg7 3. g3 b6 4. Bg2 Bb7 5. d3 e6 6. Be3 Ne7 7. Qd2 0-0 8. Bh6 d6 9. h4 f6 10. h5 g5 11. Bxg7 Kxg7 12. f4 h6 13. 0-0-0 Nd7 14. Nf3 a6 15. Nd4 Nc5 16. Bh3 e5 17. Nf3 Bc8 18. Bxc8 Qxc8 19. d4 Nd7 20. dxe5 fxe5 21. f5 Nf6 22. Nxg5 hxg5 23. Qxg5+ Kf7 24. h6 Rg8 25. Qh4 Rg4 26. Qh3 Qg8 27. h7 Qg5+ 28. Kb1 Rh8 29. Qf1 Rxh7 30. Qc4+ d5 31. Rxh7+ Nxh7 32. Nxd5 Nxd5 33. Qxd5+ Kg7 34. Qxe5+ Qf6 35. Rd7+ Kf8 36. Qxc7 Rxe4 37. Rd8+ Re8 38. Rxe8+ Kxe8 39. Qxh7 Qe5 40. Qg8+ Ke7 41. Qe6+ Qxe6 42. fxe6 Kxe6 43. c4 Kf5 44. Kc2 Ke4 45. Kc3 Ke3 46. b4 Ke4 47. g4 Kf4 48. c5 bxc5 49. bxc5 Kxg4 50. c6 Kf5 51. c7 Ke6 52. c8Q+ 1-0

[Event "Titled Tuesday intern op 11th Oct Late"]
[Site "Chess.com INT"]
[Date "2022.10.11"]
[Round "5"]
[White "Shuqja, Klean"]
[Black "Gasparyan, Davit"]
[Result "0-1"]
[WhiteElo "1958"]
[BlackElo "1940"]
[PlyCount "78"]
[EventDate "2022.10.11"]
[EventType "swiss (blitz)"]
[EventRounds "11"]
[EventCountry "USA"]
[SourceTitle "EXT 2024"]
[Source "ChessBase"]
[SourceDate "2023.10.10"]
[SourceVersion "1"]
[SourceVersionDate "2023.10.10"]
[SourceQuality "1"]

1. e4 c5 2. Nf3 e6 3. b3 Nf6 4. e5 Nd5 5. c4 Nc7 6. d4 cxd4 7. Qxd4 Nc6 8. Qd1 Na6 9. Be2 Nxe5 10. Nxe5 Qa5+ 11. Bd2 Qxe5 12. Bc3 Qg5 13. 0-0 Be7 14. Nd2 0-0 15. Nf3 Qh6 16. Bd2 Qf6 17. Bg5 Qxg5 18. Nxg5 Bxg5 19. Qd6 Re8 20. c5 Be7 21. Qg3 Nxc5 22. Rac1 d5 23. Bb5 Rd8 24. Qc7 Nd7 25. Bxd7 Bxd7 26. Qxb7 Bd6 27. Qa6 Be5 28. Qe2 Bf4 29. Rc3 d4 30. Rc4 Bb5 31. Rfc1 Bxc1 32. Qc2 Bxc4 33. bxc4 Bg5 34. Qd3 Rab8 35. g3 e5 36. h4 Bf6 37. Qe4 d3 38. c5 d2 39. c6 d1Q+ 0-1

[Event "Wch U16 Girls"]
[Site "Mamaia"]
[Date "2022.09.14"]
[Round "9"]
[White "Schippke, Manon"]
[Black "Shuqja, Klean"]
[Result "1/2-1/2"]
[WhiteElo "2064"]
[BlackElo "1959"]
[PlyCount "149"]
[EventDate "2022.09.06"]
[EventType "swiss"]
[EventRounds "11"]
[EventCountry "ROU"]
[SourceTitle "CBM 210 Extra"]
[Source "ChessBase"]
[SourceDate "2022.11.30"]
[SourceVersion "1"]
[SourceVersionDate "2022.11.30"]
[SourceQuality "1"]

1. e4 e5 2. Nf3 Nf6 3. d4 Nxe4 4. Bd3 d5 5. Nxe5 Qf6 6. Bxe4 dxe4 7. Qe2 Qe7 8. 0-0 Bf5 9. f3 f6 10. fxe4 Bxe4 11. Qxe4 Nc6 12. Bg5 Rd8 13. Qf3 Nxe5 14. dxe5 fxg5 15. Nc3 Qe6 16. Qxb7 Qb6+ 17. Qxb6 cxb6 18. Ne4 Bc5+ 19. Nxc5 bxc5 20. Rf5 Rf8 21. Rxg5 g6 22. Rf1 Rxf1+ 23. Kxf1 Rd2 24. Rg4 Rxc2 25. Ra4 Rxb2 26. Rxa7 c4 27. Rc7 Rxa2 28. Rxc4 Ke7 29. Rc7+ Ke6 30. Rxh7 Kxe5 31. Rf7 Ke6 32. Rf2 Ra1+ 33. Ke2 Ra3 34. Rf8 Ke7 35. Rf4 Ke6 36. Kf2 Rb3 37. Rf3 Rb5 38. h3 Ra5 39. Rf4 Ra3 40. Re4+ Kf5 41. Re3 Ra2+ 42. Kf3 g5 43. Kg3 Rb2 44. Ra3 Rc2 45. Ra5+ Kg6 46. Kf3 Rc4 47. Re5 Rc2 48. Re2 Rc4 49. Re4 Rc2 50. Rg4 Kf5 51. Ke3 Ra2 52. Kf3 Ra3+ 53. Kf2 Ra2+ 54. Kg3 Ra3+ 55. Kh2 Rb3 56. Rc4 Ra3 57. g4+ Kg6 58. Rc6+ Kg7 59. Re6 Kf7 60. Re5 Kg6 61. Kg2 Rb3 62. Rf5 Ra3 63. Rf3 Ra2+ 64. Kg3 Ra4 65. Re3 Rb4 66. Ra3 Rc4 67. Rd3 Ra4 68. Rc3 Rb4 69. Kf3 Ra4 70. Ke3 Rb4 71. Rd3 Ra4 72. Kd2 Rb4 73. Rd6+ Kg7 74. Rd5 Kg6 75. Rd6+ 1/2-1/2

[Event "Olympiad Women-44"]
[Site "Chennai"]
[Date "2022.08.02"]
[Round "5.2"]
[White "Shuqja, Klean"]
[Black "De la Riva Real, Ariadna"]
[Result "1-0"]
[WhiteElo "1883"]
[BlackElo "1649"]
[PlyCount "83"]
[EventDate "2022.07.29"]
[EventType "team-swiss"]
[EventRounds "11"]
[EventCountry "IND"]
[SourceTitle "CBM 210"]
[Source "ChessBase"]
[SourceDate "2022.10.31"]
[SourceVersion "1"]
[SourceVersionDate "2022.10.31"]
[SourceQuality "1"]
[WhiteTeam "Albania (W)"]
[BlackTeam "Andorra (W)"]
[WhiteTeamCountry "ALB"]
[BlackTeamCountry "AND"]

1. e4 c5 2. Nf3 g6 3. c4 Bg7 4. d4 cxd4 5. Nxd4 Nc6 6. Be3 Nf6 7. Nc3 d6 8. Be2 Bd7 9. 0-0 0-0 10. Qd2 Nxd4 11. Bxd4 Bc6 12. f3 a5 13. b3 Qc7 14. Rac1 Rfc8 15. Rc2 Nd7 16. Bf2 Nc5 17. Rb1 Ne6 18. Rbc1 Qd8 19. Kh1 Be5 20. Be3 Qf8 21. Nd5 Bxd5 22. cxd5 Rxc2 23. Rxc2 Nd8 24. Bb6 f5 25. Bd3 f4 26. Bxa5 Nf7 27. Bb5 g5 28. Bd7 h5 29. Be6 Kh7 30. b4 Nh6 31. Qc1 Qg7 32. Rc8 Ra6 33. Qc7 b6 34. Re8 Bf6 35. Qb7 bxa5 36. b5 Rb6 37. Qxb6 g4 38. Qf2 Bd4 39. Qh4 Bf6 40. Qxh5 Qg5 41. Qxg5 Bxg5 42. b6 1-0

[Event "Olympiad Women-44"]
[Site "Chennai"]
[Date "2022.08.01"]
[Round "4.2"]
[White "Campos, Maria Jose"]
[Black "Shuqja, Klean"]
[Result "1-0"]
[WhiteElo "2185"]
[BlackElo "1883"]
[PlyCount "87"]
[EventDate "2022.07.29"]
[EventType "team-swiss"]
[EventRounds "11"]
[EventCountry "IND"]
[SourceTitle "CBM 210"]
[Source "ChessBase"]
[SourceDate "2022.10.31"]
[SourceVersion "1"]
[SourceVersionDate "2022.10.31"]
[SourceQuality "1"]
[WhiteTeam "Argentina (W)"]
[BlackTeam "Albania (W)"]
[WhiteTeamCountry "ARG"]
[BlackTeamCountry "ALB"]

1. c4 Nf6 2. g3 e6 3. Bg2 d5 4. Nf3 Be7 5. 0-0 0-0 6. b3 d4 7. Bb2 c5 8. b4 Qc7 9. bxc5 e5 10. e3 Bg4 11. Qc1 Bxf3 12. Bxf3 Bxc5 13. exd4 exd4 14. Na3 Nc6 15. Nb5 Qd7 16. Re1 a6 17. Ba3 Bxa3 18. Nxa3 Qf5 19. Bg2 Ng4 20. f3 Nge5 21. f4 Nd7 22. Rb1 Rab8 23. Be4 Qc5 24. d3 Nf6 25. Nc2 Nxe4 26. Rxe4 b5 27. cxb5 Rxb5 28. Ne1 Qc3 29. Qxc3 dxc3 30. Rc1 Rc5 31. Rc4 Rxc4 32. dxc4 Re8 33. Kf1 Nb4 34. a3 Nc6 35. Rxc3 f6 36. Kf2 Re4 37. Nc2 a5 38. Kf3 f5 39. Ne3 Nd4+ 40. Kf2 g6 41. c5 Re6 42. Rd3 Re4 43. Nd5 Kf7 44. Nc3 1-0

[Event "Francophonie-chT Rapid"]
[Site "Tornelo INT"]
[Date "2022.06.05"]
[Round "8.6"]
[White "Shuqja, Klean"]
[Black "Mawutor, Richardson"]
[Result "1-0"]
[WhiteElo "1845"]
[BlackElo "1421"]
[PlyCount "145"]
[EventDate "2022.06.04"]
[EventType "team-swiss (rapid)"]
[EventRounds "11"]
[EventCountry "FRA"]
[SourceTitle "CBM 208 Extra"]
[Source "ChessBase"]
[SourceDate "2022.07.31"]
[SourceVersion "1"]
[SourceVersionDate "2022.07.31"]
[SourceQuality "1"]
[WhiteTeam "Albania II"]
[BlackTeam "Ghana"]
[WhiteTeamCountry "ALB"]
[BlackTeamCountry "GHA"]

1. e4 e5 2. Nf3 Nc6 3. Bb5 Nf6 4. d3 d6 5. c3 Bd7 6. 0-0 Be7 7. Nbd2 0-0 8. Re1 a6 9. Ba4 Re8 10. Nf1 h6 11. Ng3 b5 12. Bc2 Nh7 13. h3 Ng5 14. Nh2 Nh7 15. Be3 Bg5 16. Qd2 Bxe3 17. Qxe3 Qg5 18. Nf3 Qxe3 19. Rxe3 Ne7 20. d4 Ng6 21. Rd1 Rad8 22. dxe5 Nxe5 23. Nxe5 Rxe5 24. f4 Ree8 25. Kf2 Bc6 26. Nf5 Nf6 27. e5 Nd5 28. Rg3 g6 29. Nxh6+ Kf8 30. Be4 dxe5 31. Rgd3 Kg7 32. Bxd5 Bxd5 33. Ng4 c6 34. fxe5 Rc8 35. b3 Be4 36. Rd6 Bf5 37. Re1 Bxg4 38. hxg4 a5 39. Re3 Re6 40. Rxe6 fxe6 41. Rd3 Kf7 42. Ke3 Ke7 43. Kf4 c5 44. Kg5 c4 45. Rf3 cxb3 46. axb3 a4 47. bxa4 bxa4 48. Kxg6 Rg8+ 49. Kh5 Rc8 50. g5 a3 51. c4 Ra8 52. Rf1 a2 53. Ra1 Kf7 54. c5 Rh8+ 55. Kg4 Ra8 56. c6 Ke7 57. g6 Kf8 58. Kg5 Kg7 59. c7 Rc8 60. Rxa2 Rxc7 61. Rf2 Re7 62. Rf7+ Rxf7 63. gxf7 Kxf7 64. Kh6 Kf8 65. Kg6 Ke7 66. Kg7 Ke8 67. Kf6 Kf8 68. Kxe6 Ke8 69. g4 Kf8 70. g5 Ke8 71. g6 Kf8 72. Kd7 Kg7 73. e6 1-0

[Event "Francophonie-chT Rapid"]
[Site "Tornelo INT"]
[Date "2022.06.04"]
[Round "6.5"]
[White "Karam, Youssef Mark"]
[Black "Shuqja, Klean"]
[Result "1-0"]
[WhiteElo "1370"]
[BlackElo "1845"]
[PlyCount "75"]
[EventDate "2022.06.04"]
[EventType "team-swiss (rapid)"]
[EventRounds "11"]
[EventCountry "FRA"]
[SourceTitle "CBM 208 Extra"]
[Source "ChessBase"]
[SourceDate "2022.07.31"]
[SourceVersion "1"]
[SourceVersionDate "2022.07.31"]
[SourceQuality "1"]
[WhiteTeam "Lebanon II"]
[BlackTeam "Albania II"]
[WhiteTeamCountry "LBN"]
[BlackTeamCountry "ALB"]

1. d4 Nf6 2. c4 e6 3. Nf3 Bb4+ 4. Bd2 Qe7 5. a3 Bxd2+ 6. Qxd2 b6 7. g3 Bb7 8. Nc3 0-0 9. Bg2 d6 10. 0-0 Nbd7 11. Rfe1 a6 12. e4 e5 13. d5 Nc5 14. Qc2 Bc8 15. b4 Nb7 16. Nh4 g6 17. Qd2 Nh5 18. Bf3 Ng7 19. Qh6 f5 20. exf5 Nxf5 21. Nxf5 Bxf5 22. Be4 Qg7 23. Qh4 Rf7 24. g4 Bxe4 25. Nxe4 h6 26. g5 hxg5 27. Qxg5 Rf5 28. Qg4 Raf8 29. Re3 Nd8 30. Kh1 Rf4 31. Qg2 R4f5 32. Rg1 R8f7 33. Rg3 g5 34. Nxg5 Rxf2 35. Nxf7 Rxg2 36. Rxg7+ Kxg7 37. Nxd8 Rxg1+ 38. Kxg1 1-0

[Event "Francophonie-chT Rapid"]
[Site "Tornelo INT"]
[Date "2022.06.04"]
[Round "5.7"]
[White "Shuqja, Klean"]
[Black "Codreanu, Marius"]
[Result "0-1"]
[WhiteElo "1845"]
[BlackElo "1791"]
[PlyCount "68"]
[EventDate "2022.06.04"]
[EventType "team-swiss (rapid)"]
[EventRounds "11"]
[EventCountry "FRA"]
[SourceTitle "CBM 208 Extra"]
[Source "ChessBase"]
[SourceDate "2022.07.31"]
[SourceVersion "1"]
[SourceVersionDate "2022.07.31"]
[SourceQuality "1"]
[WhiteTeam "Albania II"]
[BlackTeam "Moldova"]
[WhiteTeamCountry "ALB"]
[BlackTeamCountry "MDA"]

1. e4 c6 2. d4 d5 3. exd5 cxd5 4. Bd3 Nc6 5. c3 Nf6 6. Bf4 Bg4 7. Qb3 Qd7 8. Nd2 e6 9. Ngf3 Bd6 10. Bxd6 Qxd6 11. 0-0 0-0 12. Rae1 b6 13. Ne5 Bf5 14. Bxf5 exf5 15. Nxc6 Qxc6 16. Re5 g6 17. Rfe1 Kg7 18. f3 b5 19. h3 a5 20. g4 fxg4 21. hxg4 Rfd8 22. Kf2 Rac8 23. Nf1 b4 24. R1e3 Rb8 25. Qd1 bxc3 26. bxc3 Rb2+ 27. Kg3 Rdb8 28. Qd3 Rxa2 29. Re2 Rbb2 30. Rxb2 Rxb2 31. Ne3 a4 32. c4 Rb3 33. cxd5 Qd6 34. Qc4 Rxe3 0-1

[Event "Francophonie-chT Rapid"]
[Site "Tornelo INT"]
[Date "2022.06.04"]
[Round "1.3"]
[White "Tuzi, Bruna"]
[Black "Shuqja, Klean"]
[Result "0-1"]
[WhiteElo "2030"]
[BlackElo "1845"]
[PlyCount "124"]
[EventDate "2022.06.04"]
[EventType "team-swiss (rapid)"]
[EventRounds "11"]
[EventCountry "FRA"]
[SourceTitle "CBM 208 Extra"]
[Source "ChessBase"]
[SourceDate "2022.07.31"]
[SourceVersion "1"]
[SourceVersionDate "2022.07.31"]
[SourceQuality "1"]
[WhiteTeam "Albania"]
[BlackTeam "Albania II"]
[WhiteTeamCountry "ALB"]
[BlackTeamCountry "ALB"]

1. e4 d5 2. exd5 Qxd5 3. Nc3 Qd8 4. d4 Nf6 5. Nf3 Bg4 6. h3 Bxf3 7. Qxf3 c6 8. Be3 e6 9. a3 Nd5 10. Nxd5 Qxd5 11. Qxd5 cxd5 12. Bb5+ Nd7 13. 0-0 a6 14. Ba4 b5 15. Bb3 Bd6 16. a4 0-0 17. f4 f5 18. Bd2 Nf6 19. Rae1 Ne4 20. Bc1 Rac8 21. Rf3 Kf7 22. c3 b4 23. Bc2 bxc3 24. Bxe4 cxb2 25. Bxb2 dxe4 26. Rf2 Rc4 27. Ra1 Rfc8 28. Ba3 Rxa4 29. Rfa2 Bxa3 30. Rxa3 Rxa3 31. Rxa3 Rc4 32. Rxa6 Rxd4 33. Ra2 Rd3 34. Kf2 h6 35. Ra7+ Kf6 36. h4 Rb3 37. Ra2 g5 38. hxg5+ hxg5 39. fxg5+ Kxg5 40. Ra6 e5 41. Ra5 Kf4 42. Ra2 Rc3 43. Rb2 Rd3 44. Rb8 Rd2+ 45. Kf1 Ra2 46. Rc8 Rd2 47. Ra8 Ke3 48. Ra3+ Rd3 49. Ra1 f4 50. Re1+ Kd4 51. Ra1 Rc3 52. Ra4+ Ke3 53. Ra1 f3 54. Re1+ Kf4 55. g4 e3 56. g5 Kxg5 57. Ra1 Kf4 58. Ra4+ e4 59. Ra1 Kg3 60. Rb1 Rd3 61. Ke1 e2 62. Ra1 Rd1+ 0-1

[Event "EU-ch Hybrid U16 Girls"]
[Site "Tornelo INT"]
[Date "2021.10.15"]
[Round "4"]
[White "Shuqja, Klean"]
[Black "Zvereva, Margarita"]
[Result "1/2-1/2"]
[WhiteElo "1877"]
[BlackElo "2013"]
[PlyCount "81"]
[EventDate "2021.10.15"]
[EventType "swiss"]
[EventRounds "9"]
[EventCountry "NET"]
[SourceTitle "EXT 2023"]
[Source "ChessBase"]
[SourceDate "2022.10.05"]
[SourceVersion "1"]
[SourceVersionDate "2022.10.05"]
[SourceQuality "1"]
[WhiteTeam "Albania"]
[BlackTeam "Russia"]
[WhiteTeamCountry "ALB"]
[BlackTeamCountry "RUS"]

1. b3 d5 2. Bb2 Nf6 3. e3 Bf5 4. Nf3 h6 5. Ne5 e6 6. Be2 Bd6 7. 0-0 0-0 8. d3 c5 9. Nd2 Bh7 10. f4 Qc7 11. Ndf3 Nbd7 12. Qe1 Bxe5 13. Bxe5 Nxe5 14. Nxe5 b5 15. Bf3 Rac8 16. a4 b4 17. Rc1 Nd7 18. Ng4 a5 19. Qg3 Kh8 20. Be2 f6 21. Qf3 Qc6 22. Nf2 Nb6 23. c4 bxc3 24. Rxc3 e5 25. Rfc1 Qd6 26. f5 Qe7 27. R3c2 Bg8 28. d4 cxd4 29. exd4 exd4 30. Qd3 Qe3 31. Qb5 Qxc1+ 32. Rxc1 Rxc1+ 33. Bf1 Nc8 34. Nd3 Rd1 35. Nf4 Bf7 36. Qe2 Rc1 37. Qd2 Rb1 38. Qc2 Re1 39. Qd2 Rb1 40. Qc2 Re1 41. Qd2 1/2-1/2

[Event "EU-ch Hybrid U16 Girls"]
[Site "Tornelo INT"]
[Date "2021.10.15"]
[Round "9"]
[White "Zabrzanska, Weronika"]
[Black "Shuqja, Klean"]
[Result "1/2-1/2"]
[WhiteElo "1892"]
[BlackElo "1877"]
[PlyCount "54"]
[EventDate "2021.10.15"]
[EventType "swiss"]
[EventRounds "9"]
[EventCountry "NET"]
[SourceTitle "EXT 2023"]
[Source "ChessBase"]
[SourceDate "2022.10.05"]
[SourceVersion "1"]
[SourceVersionDate "2022.10.05"]
[SourceQuality "1"]
[WhiteTeam "Poland"]
[BlackTeam "Albania"]
[WhiteTeamCountry "POL"]
[BlackTeamCountry "ALB"]

1. e4 e6 2. d4 d5 3. exd5 exd5 4. Nf3 Bg4 5. Bd3 Bd6 6. h3 Bh5 7. 0-0 Nc6 8. Re1+ Nge7 9. c3 Qd7 10. b4 a6 11. a4 f6 12. Nbd2 0-0 13. Nf1 Bg6 14. Ne3 Bxd3 15. Qxd3 Bf4 16. Nf1 Bxc1 17. Raxc1 Nf5 18. Ne3 Nxe3 19. Rxe3 Ne7 20. Rce1 Ng6 21. Qd1 Rfe8 22. Rxe8+ Rxe8 23. Rxe8+ Qxe8 24. Qe1 Qd7 25. Qe2 Nf4 26. Qe3 Ne6 27. Nh4 Kf7 1/2-1/2

[Event "Online Olym Div2 C"]
[Site "Chess.com INT"]
[Date "2021.09.04"]
[Round "9.3"]
[White "Mawire, Rumbidzai"]
[Black "Shuqja, Klean"]
[Result "1/2-1/2"]
[WhiteElo "1388"]
[BlackElo "1877"]
[PlyCount "112"]
[EventDate "2021.09.02"]
[EventType "team (rapid)"]
[EventRounds "9"]
[EventCountry "USA"]
[SourceTitle "CBM 204 Extra"]
[Source "ChessBase"]
[SourceDate "2021.11.30"]
[SourceVersion "1"]
[SourceVersionDate "2021.11.30"]
[SourceQuality "1"]
[WhiteTeam "Zimbabwe"]
[BlackTeam "Albania"]
[WhiteTeamCountry "ZIM"]
[BlackTeamCountry "ALB"]

1. e4 d5 2. exd5 Qxd5 3. Nc3 Qd8 4. d4 Nf6 5. Nf3 Bg4 6. Be2 e6 7. 0-0 c6 8. h3 Bxf3 9. Bxf3 Be7 10. Be3 Nbd7 11. Re1 0-0 12. a3 Qc7 13. Qd2 Rad8 14. Rad1 e5 15. Qe2 exd4 16. Bxd4 Rfe8 17. Qc4 Qf4 18. Ne2 Qb8 19. Qb3 c5 20. Be3 b5 21. Bf4 Qb6 22. Nc3 a6 23. Nd5 Nxd5 24. Qxd5 Nf8 25. Qb7 Rxd1 26. Rxd1 Qf6 27. Bg3 h6 28. Qc6 Rd8 29. Rxd8 Bxd8 30. Qxf6 Bxf6 31. b3 Ne6 32. Bd6 Nd4 33. Be4 c4 34. bxc4 bxc4 35. Kf1 Nb5 36. Bb4 Bb2 37. a4 Bc3 38. Ba5 Bxa5 39. axb5 axb5 40. Bc6 b4 41. Bd5 c3 42. Ke2 Bb6 43. f3 Kf8 44. Kd3 Bc5 45. Kc4 Bd6 46. g4 Ke7 47. Kd4 Kf6 48. Ke4 Kg5 49. Bxf7 Kh4 50. Kf5 g5 51. Kg6 Kxh3 52. Kxh6 Bf4 53. Bd5 Kg3 54. Kg6 b3 55. Bxb3 Kxf3 56. Kf5 Bd2 1/2-1/2